Longest Rivers in Africa - Statistics

General Stats
  • This quiz has been taken 260 times
  • The average score is 6 of 10
Answer Stats
Lenght River % Correct
6650 km Nile
98%
4700 km Congo
94%
4200 km Niger
86%
2693 km Zambezi
80%
2092 km Orange
63%
1641 km Senegal
46%
1800 km Limpopo
42%
1600 km Blue Nile
41%
2270 km Ubangi-Uele
24%
2153 km Kasai
14%
No matching quizzes found
Score Distribution
Percent of People with Each Score
Percentile by Number Answered
Your Score History
You have not taken this quiz